Statistics for Coronavirus outbreak by country

Click here to take the quiz!

General Stats

  • This quiz has been taken 125 times
    (34 since last reset)
  • The average score is 104 of 184

Answer Stats

Countries% Correct
China
91%
Italy
87%
USA
87%
India
83%
Spain
83%
Germany
78%
UK
78%
Brazil
74%
France
74%
Pakistan
74%
Russia
74%
South Africa
74%
Argentina
70%
Australia
70%
Austria
70%
Bulgaria
70%
Canada
70%
Greece
70%
Iceland
70%
Israel
70%
Montenegro
70%
Norway
70%
Philippines
70%
Thailand
70%
Turkey
70%
Ukraine
70%
Venezuela
70%
Vietnam
70%
Bosnia and Herzegovina
65%
Cambodia
65%
Chile
65%
Czech Republic
65%
Ecuador
65%
Egypt
65%
Finland
65%
Indonesia
65%
Iran
65%
Japan
65%
Lebanon
65%
Lithuania
65%
Luxembourg
65%
Mexico
65%
Netherlands
65%
New Zealand
65%
Paraguay
65%
Poland
65%
Romania
65%
Saudi Arabia
65%
Slovakia
65%
Slovenia
65%
South Korea
65%
Sweden
65%
Switzerland
65%
Vatican City
65%
Yemen
65%
Afghanistan
61%
Albania
61%
Algeria
61%
Belgium
61%
Dominican Republic
61%
Guyana
61%
Hungary
61%
Kazakhstan
61%
Kenya
61%
Laos
61%
Latvia
61%
Libya
61%
Malaysia
61%
Monaco
61%
Morocco
61%
Niger
61%
Nigeria
61%
North Macedonia
61%
Oman
61%
Panama
61%
Portugal
61%
Serbia
61%
UAE
61%
Andorra
57%
Angola
57%
Armenia
57%
Azerbaijan
57%
Bangladesh
57%
Barbados
57%
Belarus
57%
Bhutan
57%
Bolivia
57%
Brunei
57%
Chad
57%
Colombia
57%
Denmark
57%
Estonia
57%
Ethiopia
57%
Georgia
57%
Guatemala
57%
Guinea
57%
Honduras
57%
Iraq
57%
Ireland
57%
Jordan
57%
Kuwait
57%
Kyrgyzstan
57%
Liechtenstein
57%
Mali
57%
Malta
57%
Moldova
57%
Nepal
57%
Papua New Guinea
57%
Peru
57%
Qatar
57%
San Marino
57%
Singapore
57%
Syria
57%
Taiwan
57%
Uganda
57%
Uruguay
57%
Bahamas
52%
Belize
52%
Croatia
52%
Ghana
52%
Madagascar
52%
Mauritania
52%
Myanmar
52%
Somalia
52%
Sri Lanka
52%
Suriname
52%
Timor Leste
52%
Trinidad and Tobago
52%
Tunisia
52%
Uzbekistan
52%
Zambia
52%
Zimbabwe
52%
Bahrain
48%
Congo
48%
Cuba
48%
Cyprus
48%
Djibouti
48%
Dominica
48%
Equatorial Guinea
48%
Eritrea
48%
Fiji
48%
Gabon
48%
Gambia
48%
Grenada
48%
Guinea Bissau
48%
Haiti
48%
Liberia
48%
Maldives
48%
Mongolia
48%
Mozambique
48%
Saint Lucia
48%
Seychelles
48%
South Sudan
48%
St Vincent
48%
Sudan
48%
Tanzania
48%
Antigua and Barbuda
43%
Cameroon
43%
CAR
43%
Comoros
43%
Costa Rica
43%
El Salvador
43%
Eswatini
43%
Ivory Coast
43%
Jamaica
43%
Mauritius
43%
Namibia
43%
Nicaragua
43%
Rwanda
43%
Senegal
43%
Sierra Leone
43%
St Kitts and Nevis
43%
Tajikistan
43%
Benin
39%
Botswana
39%
Cape Verde
39%
Sao Tome and Principe
39%
Togo
39%
Burundi
35%
Malawi
35%
Burkina Faso
30%
Democratic Republic of Congo
26%
Palestine
17%
Anguilla
9%

Score Distribution

Percentile by Number Answered

Percent of People with Each Score

Your Score History

You have not taken this quiz since the last reset